| 000 | 00560nam a22001937a 4500 | ||
|---|---|---|---|
| 003 | OSt | ||
| 005 | 20160621185254.0 | ||
| 008 | 160621b xxu||||| |||| 00| 0 eng d | ||
| 020 | _a978-981-245-683-0 | ||
| 040 | _cLIC | ||
| 082 |
_22008 _aDC 741.2 _bP87d |
||
| 100 |
_910295 _aPoxon, David |
||
| 245 |
_aDifferent strokes: _bpencil drawing/ _cDavid Poxon. |
||
| 260 |
_aLondon: _bQuarto Publishing, _cc2008. |
||
| 300 |
_a128 pages: _billustrations (slightly colored); _c28 cm. |
||
| 500 | _aIncludes index. | ||
| 650 | 0 |
_910296 _aPencil drawing |
|
| 942 |
_2ddc _cDC |
||
| 999 |
_c3081 _d3081 |
||